000 01175nam a22002177a 4500
999 _c62822
_d62822
003 Ge_BSU
005 20250304164044.0
008 250304s1960 ge ||||| |||| 00| 0 geo d
041 _ageo
080 _a616.24-002.5-08 ლ-76
100 _aლობჟანიძე, გ.
_924448
245 _aპლევრისშიდა შეხორცებათა გათიშვისა და ხელოვნური პნევმოთორაქსის ეფექტურობა ფილტვის ტუბერკულოზის კომპლექსურ მკურნალობაში /
_cგ. ლობჟანიძე.
264 _aთბ. :
_b საბჭ. საქართველო,
_c1960.
300 _a147 გვ. :
_bილ. ;
_c20 სმ
490 _aექიმის ბიბლიოთეკა
504 _aბიბლიოგრ: გვ. 122-130.
653 _aფილტვის ტუბერკულოზის მკურნალობა
653 _aმედიცინა
653 _aხელოვნური პნევმოთორაქსი
942 _2udc
_cBK